[Event "29. Torneo San Viator 2017 - Torneo B"]
[Site "Madrid ESP"]
[Date "2017.10.29"]
[Round "6.47"]
[White "Perales Hernandez, Manuel"]
[Black "Rodriguez Arribas, Pedro"]
[Result "1-0"]
[WhiteElo "1367"]
[BlackElo "1082"]
[PlyCount "71"]
[EventDate "2017.09.17"]
[EventType "swiss"]
[EventRounds "9"]
[EventCountry "ESP"]
[SourceTitle "Ajedrez en Madrid"]
[Source "lmi"]
[SourceDate "2017.09.17"]

1. e4 e5 2. Bc4 Nf6 3. Nf3 d5 4. exd5 Nxd5 5. Nxe5 Be6 6. b3 Bd6 7. Nf3 Qd7 8.
O-O Nc6 9. Ng5 O-O-O 10. d3 h6 11. Ne4 Rhe8 12. Bb2 f5 13. Nxd6+ cxd6 14. Qf3
Nb6 15. Bb5 a6 16. Bxc6 bxc6 17. Qg3 Re7 18. Nd2 g5 19. f4 g4 20. Bf6 Nd5 21.
Bxe7 Qxe7 22. a3 Nc3 23. Qe1 Qf6 24. Nc4 Re8 25. Nxd6+ Kd7 26. Nxe8 Kxe8 27.
Qe3 Kd7 28. Rfe1 Nd5 29. Qa7+ Nc7 30. c4 h5 31. Re5 h4 32. Rae1 Qh6 33. Rxe6
Qxf4 34. Re7+ Kd6 35. Qxc7+ Kc5 36. Qxf4 1-0

[Event "XXIX Torneo San Viator - Memorial Pepe "]
[Site "Colegio San Viator. Plaza Fer"]
[Date "2017.11.01"]
[Round "7.1"]
[White "Navarro Gonzalez, Jaime"]
[Black "San Felipe Gonzalez, Tomas"]
[Result "1/2-1/2"]
[WhiteElo "1748"]
[BlackElo "1689"]
[PlyCount "60"]
[EventDate "2017.09.17"]
[EventRounds "9"]
[EventCountry "ESP"]

1. e4 c5 2. Nf3 Nc6 3. d4 cxd4 4. Nxd4 g6 5. Nc3 Bg7 6. Be3 Nf6 7. f3 d5 8. Qe2
a6 9. O-O-O e6 10. exd5 Nxd5 11. Nxd5 Qxd5 12. Nxc6 Qxc6 13. Qd2 O-O 14. Bh6
Bxh6 15. Qxh6 e5 16. h4 Bf5 17. Bd3 e4 18. fxe4 Bxe4 19. Bxe4 Qxe4 20. h5 Rac8
21. c3 Rfe8 22. hxg6 Qxg6 23. Qxg6+ hxg6 24. Rd7 b5 25. Rf1 Re2 26. Rfxf7 Rxg2
27. Rg7+ Kh8 28. Rh7+ Kg8 29. Rdg7+ Kf8 30. Ra7 Kg8 1/2-1/2

[Event "XXIX Torneo San Viator - Memorial Pepe "]
[Site "Colegio San Viator. Plaza Fer"]
[Date "2017.11.01"]
[Round "7.2"]
[White "Merino Araguas, Jose Javier"]
[Black "Arias Cusio, Oscar"]
[Result "1-0"]
[WhiteElo "1680"]
[BlackElo "1655"]
[PlyCount "111"]
[EventDate "2017.09.17"]
[EventRounds "9"]
[EventCountry "ESP"]

1. d4 Nf6 2. c4 g6 3. Nc3 Bg7 4. e4 d6 5. h3 Nbd7 6. Nf3 O-O 7. Be2 c5 8. d5
Re8 9. O-O a6 10. a4 h6 11. Be3 e6 12. Bf4 exd5 13. exd5 Ne5 14. Nxe5 dxe5 15.
Be3 Qd6 16. Qd2 Kh7 17. Rad1 Bd7 18. Bf3 Re7 19. Be4 Ng8 20. f3 f5 21. Bc2 Nf6
22. Rfe1 Nh5 23. Bf2 Rf8 24. Be3 b6 25. Bf2 Bf6 26. Be3 Bg7 27. Bf2 Ref7 28.
Be3 Bc8 29. Bb1 Nf6 30. Bf2 Kh8 31. Be3 g5 32. g4 fxg4 33. fxg4 Nxg4 34. hxg4
Bxg4 35. Ne4 Qd7 36. Nxg5 hxg5 37. Qh2+ Bh3 38. Be4 Rf1+ 39. Rxf1 Rg8 40. Rf2
Bh6 41. Bg2 g4 42. Bxh6 g3 43. Qxh3 gxf2+ 44. Kf1 Qxh3 45. Bxh3 Rg1+ 46. Kxf2
Rxd1 47. Bf8 Rd2+ 48. Ke3 Rxb2 49. Be6 Rb3+ 50. Ke4 Rb4 51. d6 Rb1 52. d7 Re1+
53. Kd5 e4 54. Kc6 Rd1 55. Bd5 e3 56. d8=Q 1-0

[Event "XXIX Torneo San Viator - Memorial Pepe "]
[Site "Colegio San Viator. Plaza Fer"]
[Date "2017.11.01"]
[Round "7.3"]
[White "Alameda Arellano, Cristeto"]
[Black "Villanueva Ortega, Ruben"]
[Result "0-1"]
[WhiteElo "1577"]
[BlackElo "1744"]
[PlyCount "54"]
[EventDate "2017.09.17"]
[EventRounds "9"]
[EventCountry "ESP"]

1. d4 f5 2. Bf4 e6 3. e3 Nf6 4. Nf3 Be7 5. Be2 O-O 6. h3 d6 7. O-O b6 8. c4 Bb7
9. Nc3 a6 10. Qb3 h6 11. c5 Bd5 12. Nxd5 Nxd5 13. Bc4 Nxf4 14. Bxe6+ Nxe6 15.
Qxe6+ Kh8 16. cxb6 cxb6 17. Rfc1 Rf6 18. Qd5 Nd7 19. Qb7 Rf7 20. Rc7 Rb8 21.
Qa7 Nf6 22. Nh4 Kh7 23. Nxf5 Nd5 24. Rd7 Qf8 25. Nxd6 Rxf2 26. Ne4 Rxg2+ 27.
Kxg2 Nxe3+ 0-1

[Event "XXIX Torneo San Viator - Memorial Pepe "]
[Site "Colegio San Viator. Plaza Fer"]
[Date "2017.11.01"]
[Round "7.4"]
[White "Perez Sempere, Alberto"]
[Black "Alvarez Poves, Jesus"]
[Result "1/2-1/2"]
[WhiteElo "1731"]
[BlackElo "1598"]
[PlyCount "98"]
[EventDate "2017.09.17"]
[EventRounds "9"]
[EventCountry "ESP"]

1. e4 c5 2. Nf3 d6 3. d4 cxd4 4. Nxd4 Nf6 5. Nc3 g6 6. f3 Bg7 7. Be3 O-O 8. Bc4
Nc6 9. Qd2 Bd7 10. O-O-O Rc8 11. Nxc6 Bxc6 12. Bb3 b5 13. Kb1 a5 14. Nd5 Nxd5
15. Bxd5 b4 16. Bxc6 Rxc6 17. Bd4 Qc7 18. Bxg7 Kxg7 19. h4 h5 20. g4 Rc5 21.
Rhg1 Rc8 22. Rc1 Kh7 23. Qd3 Qb6 24. Qb3 e6 25. c3 Rb5 26. gxh5 Rxh5 27. Rh1
Rb8 28. cxb4 Qxb4 29. Qxb4 Rxb4 30. Rc7 Kg7 31. Rd1 d5 32. exd5 exd5 33. Rc5 a4
34. Rcxd5 Rxd5 35. Rxd5 Rxh4 36. Kc2 Rf4 37. Rd3 g5 38. b3 f5 39. bxa4 Rxa4 40.
Kb3 Ra8 41. a4 Kf6 42. Kb4 g4 43. fxg4 fxg4 44. a5 Ke5 45. Kb5 Ke4 46. Rd7 g3
47. Rg7 Kf3 48. a6 g2 49. Kb6 Rxa6+ 1/2-1/2

[Event "XXIX Torneo San Viator - Memorial Pepe "]
[Site "Colegio San Viator. Plaza Fer"]
[Date "2017.11.01"]
[Round "7.5"]
[White "Salgado Duarte, Pablo"]
[Black "Gomez Logrosan, Cristian"]
[Result "0-1"]
[WhiteElo "1549"]
[BlackElo "1638"]
[PlyCount "84"]
[EventDate "2017.09.17"]
[EventRounds "9"]
[EventCountry "ESP"]

1. d4 Nf6 2. c4 g6 3. Nc3 Bg7 4. Nf3 O-O 5. e4 d6 6. h3 Nbd7 7. Bd3 e5 8. dxe5
dxe5 9. Nd5 Nc5 10. Bg5 c6 11. Bxf6 Bxf6 12. Nxf6+ Qxf6 13. Bc2 Rd8 14. Qe2 Ne6
15. O-O Nf4 16. Qe3 Be6 17. b3 g5 18. Nh2 h5 19. Bd1 Kg7 20. Bc2 g4 21. hxg4
hxg4 22. g3 Nh3+ 23. Kg2 Rh8 24. f3 Nf4+ 25. gxf4 exf4 26. Qe1 Rxh2+ 27. Kxh2
Qh6+ 28. Kg1 g3 29. Qc3+ f6 30. Qd2 Rh8 31. Qg2 Bh3 32. Qh1 g2 33. Qh2 gxf1=Q+
34. Rxf1 Qg5+ 35. Kf2 Bxf1 36. Qg1 Qxg1+ 37. Kxg1 Be2 38. Kg2 Rd8 39. Kf2 Rd2
40. Bb1 Rb2 41. Ke1 Rxb1+ 42. Kxe2 Rb2+ 0-1

[Event "XXIX Torneo San Viator - Memorial Pepe "]
[Site "Colegio San Viator. Plaza Fer"]
[Date "2017.11.01"]
[Round "7.6"]
[White "Castro Uceda, Jose Antonio"]
[Black "Fernandez Garcia, Emiliano"]
[Result "1-0"]
[WhiteElo "1636"]
[BlackElo "1537"]
[PlyCount "107"]
[EventDate "2017.09.17"]
[EventRounds "9"]
[EventCountry "ESP"]

1. e4 c6 2. d4 d5 3. exd5 cxd5 4. Nf3 Bg4 5. Be2 Nf6 6. Ne5 Bxe2 7. Qxe2 a6 8.
O-O e6 9. Bg5 Be7 10. Nd2 Nbd7 11. Rfe1 h6 12. Bh4 O-O 13. c4 dxc4 14. Ndxc4
Rc8 15. Rad1 Nd5 16. Bxe7 Qxe7 17. Nxd7 Qxd7 18. Ne5 Qc7 19. g3 Rfd8 20. Qf3
Qe7 21. Rc1 Nf6 22. Qe3 Qb4 23. b3 Rxc1 24. Rxc1 Qxd4 25. Qxd4 Rxd4 26. Rc8+
Kh7 27. Nxf7 Kg6 28. Nd8 Rd2 29. Nxe6 Rxa2 30. Rc7 b5 31. Rxg7+ Kf5 32. Nd4+
Ke4 33. Rg6 Nd5 34. Rg4+ Kd3 35. Nf5 Nf6 36. Rf4 h5 37. h3 Kc3 38. Rf3+ Kb4 39.
Ng7 Ne4 40. Nxh5 Nd2 41. Rf4+ Kxb3 42. g4 a5 43. g5 a4 44. g6 Ra1+ 45. Kg2 Re1
46. g7 Re8 47. Rf8 Rxf8 48. gxf8=Q a3 49. Qf7+ Nc4 50. Qf3+ Ka4 51. Qd1+ Kb4
52. Nf4 Ka5 53. Qb3 Ka6 54. h4 1-0

[Event "XXIX Torneo San Viator - Memorial Pepe "]
[Site "Colegio San Viator. Plaza Fer"]
[Date "2017.11.01"]
[Round "7.7"]
[White "Lopez Nunez, Alonso"]
[Black "Amador Andujar, Alfredo"]
[Result "1/2-1/2"]
[WhiteElo "1549"]
[BlackElo "1610"]
[PlyCount "120"]
[EventDate "2017.09.17"]
[EventRounds "9"]
[EventCountry "ESP"]

1. d4 Nf6 2. Bf4 e6 3. e3 b6 4. Nf3 Bb7 5. Nbd2 d6 6. Bd3 Nbd7 7. O-O c5 8. c3
d5 9. Ne5 Nxe5 10. dxe5 Nd7 11. h3 Qc7 12. Nf3 g6 13. Bh2 Bg7 14. Qa4 c4 15.
Be2 Bc6 16. Qc2 Nxe5 17. Nd4 Bd7 18. f4 Nc6 19. Nb5 Qb8 20. Qd2 a6 21. f5 Be5
22. Bxe5 Qxe5 23. fxe6 Bxe6 24. Nd4 Nxd4 25. exd4 Qd6 26. Rf6 O-O 27. Raf1 Kg7
28. Qg5 Rae8 29. R1f4 h6 30. Qg3 Qe7 31. h4 b5 32. Bh5 Bf5 33. R6xf5 Qe1+ 34.
Qxe1 Rxe1+ 35. Kf2 Re4 36. Rxe4 dxe4 37. Re5 gxh5 38. Rxe4 Rd8 39. Re5 Kg6 40.
Rc5 Rd6 41. a4 Rb6 42. axb5 axb5 43. d5 Kf6 44. Ke3 Ke5 45. Rc6 Rxc6 46. dxc6
Kd6 47. Kd4 Kxc6 48. Ke5 b4 49. cxb4 Kb5 50. Kd5 Kxb4 51. Kd4 Kb3 52. Kc5 Kxb2
53. Kxc4 Kc2 54. Kd4 Kd2 55. Ke5 Ke2 56. Kf6 Kf2 57. Kxf7 Kg3 58. Kg6 Kxh4 59.
Kxh6 Kg3 60. Kxh5 Kxg2 1/2-1/2

[Event "XXIX Torneo San Viator - Memorial Pepe "]
[Site "Colegio San Viator. Plaza Fer"]
[Date "2017.11.01"]
[Round "7.8"]
[White "Aldea Moreno, Marina"]
[Black "Bustos Bernardo, Diego"]
[Result "1-0"]
[WhiteElo "1479"]
[BlackElo "1730"]
[PlyCount "119"]
[EventDate "2017.09.17"]
[EventRounds "9"]
[EventCountry "ESP"]

1. e4 c5 2. c3 d5 3. exd5 Qxd5 4. d4 Nc6 5. Nf3 Bg4 6. Be2 cxd4 7. cxd4 e6 8.
O-O Bb4 9. Nc3 Qa5 10. Qd3 Nf6 11. Be3 O-O 12. a3 Bxc3 13. bxc3 Bf5 14. Qd2 Ne4
15. Qb2 Qxc3 16. Qxb7 Rab8 17. Qa6 Rb6 18. Qa4 Qb3 19. Qxb3 Rxb3 20. Rfc1 Rb2
21. Bd1 Na5 22. Nh4 Nd2 23. Bxd2 Rxd2 24. Nxf5 exf5 25. Rc5 Nb7 26. Rc7 Nd6 27.
Rxa7 Rxd4 28. Rd7 Rc8 29. g3 Kf8 30. Bf3 Ke8 31. Ra7 Rd3 32. Kg2 Nb5 33. Be2
Rxg3+ 34. hxg3 Nxa7 35. a4 Rc5 36. a5 Kd7 37. a6 Kc6 38. Rb1 Rc2 39. Bf3+ Kc5
40. Rb7 Nb5 41. Rxf7 Ra2 42. Rxf5+ Kb6 43. Rf7 Rxa6 44. Rxg7 Ra7 45. Rxa7 Nxa7
46. Be4 h6 47. Kf3 Nc8 48. Kf4 Nd6 49. Bg6 Kc5 50. Ke5 Nc4+ 51. Kf6 Kd5 52.
Bf7+ Ke4 53. Bxc4 Kf3 54. Kg6 Kxf2 55. g4 Kf3 56. Be6 Kf4 57. Kxh6 Ke5 58. g5
Kxe6 59. Kh7 Kf7 60. g6+ 1-0

[Event "XXIX Torneo San Viator - Memorial Pepe "]
[Site "Colegio San Viator. Plaza Fer"]
[Date "2017.11.01"]
[Round "7.11"]
[White "Alcojor Patilla, Antonio"]
[Black "Del Noval Nemeshazi, Mario"]
[Result "1-0"]
[WhiteElo "1618"]
[BlackElo "1416"]
[PlyCount "65"]
[EventDate "2017.09.17"]
[EventRounds "9"]
[EventCountry "ESP"]

1. e4 e5 2. Nf3 Nc6 3. Bc4 Bc5 4. c3 Nf6 5. d3 d6 6. h3 Be6 7. Nbd2 a6 8. b4
Ba7 9. Bb2 Qd7 10. Qe2 b5 11. Bxe6 fxe6 12. O-O O-O 13. a3 d5 14. exd5 exd5 15.
Nxe5 Qe6 16. Rae1 Rae8 17. d4 Nd7 18. Ndf3 Re7 19. Ng5 Qf5 20. Qf3 Qxg5 21.
Qxd5+ Ref7 22. Qxc6 Nxe5 23. Rxe5 Qd2 24. Bc1 Qc2 25. Be3 Bb6 26. f3 Rf6 27.
Qd5+ Kh8 28. Rc1 Qb2 29. Re7 Qe2 30. Rf1 Rg6 31. Bg5 Rd6 32. Qxd6 cxd6 33. Rxe2
1-0

[Event "XXIX Torneo San Viator - Memorial Pepe "]
[Site "Colegio San Viator. Plaza Fer"]
[Date "2017.11.01"]
[Round "7.12"]
[White "Fernandez Garcia, Emilio"]
[Black "Haering Hijon, Javier"]
[Result "0-1"]
[WhiteElo "1579"]
[BlackElo "1344"]
[PlyCount "62"]
[EventDate "2017.09.17"]
[EventRounds "9"]
[EventCountry "ESP"]

1. c4 Nf6 2. Nf3 c6 3. g3 d5 4. b3 Bf5 5. Bb2 e6 6. Bg2 Nbd7 7. d3 Bd6 8. Nh4
Bg6 9. Nxg6 hxg6 10. Nd2 Qc7 11. Qc2 Rh7 12. Nf1 O-O-O 13. O-O-O Rdh8 14. f3
Kb8 15. e4 g5 16. Qd2 Rh5 17. Kb1 R8h7 18. Qe2 c5 19. cxd5 exd5 20. exd5 Rh8
21. Ne3 Rxh2 22. Rxh2 Rxh2 23. f4 gxf4 24. gxf4 Bxf4 25. Nf5 g6 26. d6 Qb6 27.
Ne3 Bxe3 28. Qxe3 Rxg2 29. Rh1 Qxd6 30. Rh8+ Kc7 31. Qf3 Rg3 0-1

[Event "XXIX Torneo San Viator - Memorial Pepe "]
[Site "Colegio San Viator. Plaza Fer"]
[Date "2017.11.01"]
[Round "7.13"]
[White "Arce Escobedo, Julio"]
[Black "Periotto Miori, Caterina"]
[Result "1-0"]
[WhiteElo "1671"]
[BlackElo "1250"]
[PlyCount "79"]
[EventDate "2017.09.17"]
[EventRounds "9"]
[EventCountry "ESP"]

1. e4 c5 2. Nf3 d6 3. d4 cxd4 4. Qxd4 a6 5. c4 Nc6 6. Qd2 Nf6 7. Nc3 g6 8. Bd3
Bg7 9. O-O O-O 10. Rb1 Nd7 11. b3 Nde5 12. Nxe5 Nxe5 13. Bb2 Bd7 14. f4 Nxd3
15. Qxd3 Bc6 16. Nd5 e6 17. Bxg7 Kxg7 18. Nc3 Qc7 19. Rbd1 Rad8 20. Rd2 Qb6+
21. Kh1 Kg8 22. Rfd1 Rd7 23. Qg3 Rfd8 24. f5 e5 25. f6 Re8 26. Nd5 Bxd5 27.
cxd5 Rc8 28. Qg5 Qd8 29. Rd3 Rdc7 30. Rh3 Qf8 31. Rh6 Qd8 32. h3 Rc1 33. Rxc1
Rxc1+ 34. Qxc1 Qxf6 35. Qe1 Qf4 36. Qh4 Qf1+ 37. Kh2 Qf4+ 38. Qxf4 exf4 39. Rh4
g5 40. Rh6 1-0

[Event "XXIX Torneo San Viator - Memorial Pepe "]
[Site "Colegio San Viator. Plaza Fer"]
[Date "2017.11.01"]
[Round "7.15"]
[White "Garcia Prada, Alejandro"]
[Black "Cujba, Anca-Claudia"]
[Result "0-1"]
[WhiteElo "1505"]
[BlackElo "1664"]
[PlyCount "166"]
[EventDate "2017.09.17"]
[EventRounds "9"]
[EventCountry "ESP"]

1. e4 d5 2. exd5 Nf6 3. Nf3 Nxd5 4. d4 g6 5. c4 Nb6 6. Nc3 Bg7 7. Bf4 c6 8. Qb3
O-O 9. Rd1 Be6 10. d5 Bxc3+ 11. bxc3 cxd5 12. cxd5 Bd7 13. Bb5 Qc8 14. Bxd7
N8xd7 15. O-O Re8 16. Rfe1 Qc4 17. Rd4 Qxb3 18. axb3 Nc5 19. b4 Nca4 20. c4 a5
21. c5 Nd7 22. c6 bxc6 23. dxc6 Ndb6 24. bxa5 Rxa5 25. Re5 Rxe5 26. Bxe5 Nc3
27. Rd3 Ncd5 28. Nd4 f6 29. Bg3 e5 30. Nb5 Rc8 31. h3 Rxc6 32. f3 Kf7 33. Bf2
Rc1+ 34. Kh2 Rc6 35. Bxb6 Nxb6 36. Ra3 Ke6 37. Ra7 h5 38. Nc7+ Kd6 39. Ne8+ Kc5
40. Rf7 Nd5 41. Ra7 Kd4 42. Ra4+ Ke3 43. Ra3+ Kf4 44. Ng7 Rc2 45. Ra4+ Ke3 46.
Ne6 Kf2 47. Ra1 Ne3 48. Rg1 Rc6 49. Nf8 g5 50. Ng6 Ra6 51. h4 g4 52. f4 g3+ 53.
Kh1 e4 54. Rb1 Rc6 55. f5 Nc2 56. Nf4 Ne3 57. Nh3+ Ke2 58. Ng1+ Kd2 59. Rb2+
Kd3 60. Rb1 Nxf5 61. Rd1+ Kc2 62. Rd5 Nxh4 63. Rxh5 Ng6 64. Ne2 Ne5 65. Nd4+
Kd2 66. Nxc6 Nxc6 67. Rd5+ Ke2 68. Kg1 Ne5 69. Rd6 Ng4 70. Re6 Ke3 71. Kf1 f5
72. Ra6 Ne5 73. Ra1 Nd3 74. Ra2 f4 75. Rc2 f3 76. gxf3 exf3 77. Rh2 Nf4 78. Ra2
g2+ 79. Kg1 Nh3+ 80. Kh2 g1=Q+ 81. Kxh3 f2 82. Ra3+ Kd2 83. Ra2+ Kc3 0-1

[Event "XXIX Torneo San Viator - Memorial Pepe "]
[Site "Colegio San Viator. Plaza Fer"]
[Date "2017.11.01"]
[Round "7.16"]
[White "Mora Marin, Guillermo"]
[Black "Prieto Gonzalez, Cesar"]
[Result "0-1"]
[WhiteElo "1656"]
[BlackElo "1535"]
[PlyCount "52"]
[EventDate "2017.09.17"]
[EventRounds "9"]
[EventCountry "ESP"]

1. d4 Nf6 2. c4 g6 3. Nc3 Bg7 4. Nf3 d6 5. e3 O-O 6. b3 Nbd7 7. Bb2 Re8 8. Qc2
e5 9. dxe5 Nxe5 10. Be2 Bf5 11. Qd2 Ne4 12. Nxe4 Bxe4 13. Bxe5 dxe5 14. O-O
Bxf3 15. Qxd8 Raxd8 16. gxf3 Rd2 17. Rfe1 Red8 18. Bf1 e4 19. Rab1 exf3 20. a3
Bf6 21. Bh3 h5 22. e4 Bh4 23. Rf1 Ra2 24. b4 Rdd2 25. c5 Bxf2+ 26. Kh1 Bxc5 0-1

[Event "XXIX Torneo San Viator - Memorial Pepe "]
[Site "Colegio San Viator. Plaza Fer"]
[Date "2017.11.01"]
[Round "7.17"]
[White "Marcelo De La Mata, Daniel"]
[Black "Serrano Ruiz, Lope"]
[Result "0-1"]
[WhiteElo "1641"]
[BlackElo "1521"]
[PlyCount "78"]
[EventDate "2017.09.17"]
[EventRounds "9"]
[EventCountry "ESP"]

1. e4 Nf6 2. Nc3 d6 3. Nf3 Bg4 4. g3 Nc6 5. Bg2 g6 6. O-O Qd7 7. d3 h5 8. Bg5
Bg7 9. Qd2 Bxf3 10. Bxf3 Ne5 11. Bg2 h4 12. gxh4 Nfg4 13. f3 f6 14. fxg4 fxg5
15. h3 gxh4 16. Qe2 O-O-O 17. Nd5 Rdf8 18. d4 Nc6 19. c3 g5 20. Rad1 e6 21. Ne3
Ne7 22. Qc4 Ng6 23. d5 e5 24. Nf5 Nf4 25. a4 Bf6 26. b4 Qxa4 27. Ra1 Qc2 28.
Rf2 Qd3 29. Nxd6+ Kd7 30. Qxd3 Nxd3 31. Rd2 cxd6 32. Rxd3 a6 33. c4 Rc8 34. Rc3
Bd8 35. Rf1 Bb6+ 36. c5 dxc5 37. Rf7+ Ke8 38. Rf6 cxb4+ 39. Rxb6 bxc3 0-1

[Event "XXIX Torneo San Viator - Memorial Pepe "]
[Site "Colegio San Viator. Plaza Fer"]
[Date "2017.11.01"]
[Round "7.18"]
[White "Gallego Romero, Manuel"]
[Black "Martin Claudio, Andres"]
[Result "0-1"]
[WhiteElo "1475"]
[BlackElo "1633"]
[PlyCount "72"]
[EventDate "2017.09.17"]
[EventRounds "9"]
[EventCountry "ESP"]

1. e4 e5 2. Bc4 Nc6 3. Nf3 Be7 4. Nc3 Nf6 5. d3 O-O 6. h3 d6 7. O-O a6 8. a3
Re8 9. Nd5 Nxd5 10. Bxd5 Bf6 11. Nh2 Ne7 12. Ba2 Ng6 13. Ng4 Bg5 14. Qf3 Rf8
15. g3 Bxc1 16. Raxc1 Qg5 17. Kg2 h5 18. Qe3 Nf4+ 19. gxf4 exf4 20. Qd4 hxg4
21. Rg1 f3+ 22. Kh1 Qh6 23. Rg3 Qxc1+ 24. Kh2 Qh6 25. b4 gxh3 26. Rxf3 Be6 27.
c4 f5 28. exf5 Rxf5 29. Rxf5 Bxf5 30. c5+ Kh8 31. Bd5 dxc5 32. bxc5 Rd8 33. Qc4
Rxd5 34. Qxd5 Qf4+ 35. Kg1 Qg4+ 36. Kf1 Qd1# 0-1

[Event "XXIX Torneo San Viator - Memorial Pepe "]
[Site "Colegio San Viator. Plaza Fer"]
[Date "2017.11.01"]
[Round "7.19"]
[White "Rivera Rodriguez, Luis Fernando"]
[Black "Mateos Cordero, Francisco"]
[Result "1-0"]
[WhiteElo "1458"]
[BlackElo "1618"]
[PlyCount "47"]
[EventDate "2017.09.17"]
[EventRounds "9"]
[EventCountry "ESP"]

1. e4 c5 2. Nf3 e6 3. c3 a6 4. d4 cxd4 5. cxd4 Qc7 6. Nc3 d6 7. Bf4 Qb6 8. Na4
Qd8 9. Qc2 Bd7 10. Be2 Nf6 11. O-O Nxe4 12. Qxe4 Bxa4 13. Qxb7 Bc6 14. Qb3 Nd7
15. Rac1 Rb8 16. Qa3 Bxf3 17. Bxf3 d5 18. Qxa6 Rxb2 19. Rc8 Be7 20. Rxd8+ Bxd8
21. Qa4 Rb7 22. Bd6 Bc7 23. Bxc7 Rxc7 24. Qa8+ 1-0

[Event "XXIX Torneo San Viator - Memorial Pepe "]
[Site "Colegio San Viator. Plaza Fer"]
[Date "2017.11.01"]
[Round "7.20"]
[White "Garcia Rojas, Juan Carlos"]
[Black "Benitez Cadenas, Luis Miguel"]
[Result "0-1"]
[WhiteElo "1470"]
[BlackElo "1584"]
[PlyCount "106"]
[EventDate "2017.09.17"]
[EventRounds "9"]
[EventCountry "ESP"]

1. e4 e6 2. d4 d5 3. exd5 exd5 4. Bd3 Nc6 5. c3 Bd6 6. Nf3 Nge7 7. O-O Bf5 8.
Re1 Qd7 9. Be3 h6 10. b4 a5 11. b5 Na7 12. a4 b6 13. Qc2 O-O 14. Nbd2 Bxd3 15.
Qxd3 Rac8 16. Rab1 Ng6 17. g3 c6 18. c4 Bb4 19. c5 cxb5 20. cxb6 Rc3 21. Qf1
Nc8 22. axb5 Nxb6 23. Rec1 Rfc8 24. Nb3 Nc4 25. Bd2 Rxf3 26. Bxb4 axb4 27. Nc5
Qxb5 28. Qg2 Rf5 29. Qh3 Ne7 30. Re1 Re5 31. dxe5 Qxc5 32. Rec1 Ra8 33. Qh5 Ra2
34. Qf3 Qb6 35. Qf4 Ng6 36. Qf5 Ngxe5 37. Rxc4 Nxc4 38. Qc8+ Kh7 39. Qf5+ Kg8
40. Qc8+ Kh7 41. Qf5+ Qg6 42. Qxg6+ Kxg6 43. Rxb4 Kf6 44. h4 h5 45. Kf1 Ke6 46.
f4 g6 47. Rb7 f6 48. Rg7 Kf5 49. Rd7 Kg4 50. Rg7 Kxg3 51. Rxg6+ Kf3 52. Kg1 Ne3
53. Rxf6 Ra1+ 0-1

[Event "XXIX Torneo San Viator - Memorial Pepe "]
[Site "Colegio San Viator. Plaza Fer"]
[Date "2017.11.01"]
[Round "7.21"]
[White "Lavayen Torres, Leonardo"]
[Black "Cortijo Manso, Luis"]
[Result "1-0"]
[WhiteElo "1342"]
[BlackElo "1555"]
[PlyCount "72"]
[EventDate "2017.09.17"]
[EventRounds "9"]
[EventCountry "ESP"]

1. e4 e6 2. d4 d5 3. e5 c5 4. c3 Nc6 5. Nf3 cxd4 6. cxd4 Nge7 7. Bd3 Nf5 8.
Bxf5 exf5 9. Nc3 Be7 10. O-O O-O 11. Qb3 b6 12. Nxd5 Re8 13. Nxe7+ Rxe7 14. Bg5
Na5 15. Bxe7 Qxe7 16. Qc3 Ba6 17. Rfc1 h6 18. b4 Nc4 19. a4 b5 20. axb5 Bxb5
21. Nd2 Rc8 22. Nxc4 Rxc4 23. Qxc4 Bxc4 24. Rxc4 Qb7 25. f3 Qb5 26. Rac1 Qd5
27. h3 a5 28. bxa5 Qxa5 29. Rc5 Qd2 30. d5 Qe3+ 31. Kh1 Qxe5 32. Rd1 g5 33.
Rc8+ Kg7 34. d6 Qe2 35. Rcc1 Qe8 36. d7 Qd8 1-0

[Event "XXIX Torneo San Viator - Memorial Pepe "]
[Site "Colegio San Viator. Plaza Fer"]
[Date "2017.11.01"]
[Round "7.22"]
[White "Rendo Quindos, Pedro"]
[Black "Blanco Martin, Oscar"]
[Result "1/2-1/2"]
[WhiteElo "1550"]
[BlackElo "1461"]
[PlyCount "68"]
[EventDate "2017.09.17"]
[EventRounds "9"]
[EventCountry "ESP"]

1. e4 e6 2. Nf3 d5 3. exd5 exd5 4. d4 Bd6 5. Be2 Ne7 6. Be3 c6 7. c4 Bf5 8. Nc3
Nd7 9. cxd5 Nxd5 10. Nxd5 cxd5 11. O-O O-O 12. Bd3 Bxd3 13. Qxd3 Rc8 14. Rac1
h6 15. Rxc8 Qxc8 16. Rc1 Qb8 17. Qc3 Nb6 18. b3 Rc8 19. Qd2 Rxc1+ 20. Qxc1 Nd7
21. g3 Qc7 22. Kf1 Nf6 23. h3 Qxc1+ 24. Bxc1 Ne4 25. Bb2 Ng5 26. Nxg5 hxg5 27.
g4 b5 28. a4 b4 29. f3 a5 30. Bc1 f6 31. Kg2 Kh7 32. Be3 Bf4 33. Bf2 Kh6 34.
Kf1 g6 1/2-1/2

[Event "XXIX Torneo San Viator - Memorial Pepe "]
[Site "Colegio San Viator. Plaza Fer"]
[Date "2017.11.01"]
[Round "7.23"]
[White "Ramos Antona, Enrique"]
[Black "Campos Calderon, David"]
[Result "1-0"]
[WhiteElo "1650"]
[BlackElo "1242"]
[PlyCount "119"]
[EventDate "2017.09.17"]
[EventRounds "9"]
[EventCountry "ESP"]

1. d4 d5 2. c4 e6 3. Nc3 Nf6 4. cxd5 exd5 5. Bg5 c6 6. e3 Be7 7. Bd3 Be6 8.
Nge2 O-O 9. O-O h6 10. Bh4 Nbd7 11. Qc2 Re8 12. f3 Rc8 13. Rae1 a6 14. Qb1 Qc7
15. Nf4 Bd6 16. Bg3 c5 17. Nxe6 Rxe6 18. Bxd6 Qxd6 19. Bf5 Re7 20. dxc5 Qxc5
21. Qd3 Ne5 22. Qd4 Rcc7 23. Qxc5 Rxc5 24. Kf2 Nc4 25. Na4 Ra5 26. b3 Ne5 27.
Rc1 b5 28. Nc3 b4 29. Na4 g6 30. Bb1 Rb5 31. Rc8+ Kg7 32. Rfc1 Rbb7 33. Nb2 Re8
34. Nd3 Rxc8 35. Rxc8 Ned7 36. Nc5 Ra7 37. Ke2 Nxc5 38. Rxc5 a5 39. Kd3 Kf8 40.
Kd4 Ke7 41. Rc6 a4 42. Rb6 axb3 43. axb3 Ra1 44. Bd3 Ra2 45. Rxb4 Rxg2 46. Rb7+
Ke6 47. Rb6+ Ke7 48. b4 Nd7 49. Rb7 Kd6 50. Bb5 Ne5 51. Rb6+ Kc7 52. Rf6 Rxh2
53. Kxe5 h5 54. Rxf7+ Kb6 55. Bd3 h4 56. Rf6+ Kc7 57. Rxg6 h3 58. Rh6 Rd2 59.
Kd4 h2 60. f4 1-0

[Event "XXIX Torneo San Viator - Memorial Pepe "]
[Site "Colegio San Viator. Plaza Fer"]
[Date "2017.11.01"]
[Round "7.24"]
[White "Barragan Sanchez, Enrique"]
[Black "Yeghiazaryan Petrosyan, Roberto"]
[Result "1-0"]
[WhiteElo "1536"]
[BlackElo "1285"]
[PlyCount "91"]
[EventDate "2017.09.17"]
[EventRounds "9"]
[EventCountry "ESP"]

1. e4 c5 2. Nf3 Nc6 3. g3 e5 4. Bg2 Nf6 5. d3 d5 6. Nbd2 Bg4 7. O-O Bd6 8. c3
O-O 9. Re1 d4 10. cxd4 cxd4 11. a3 h6 12. Nc4 b5 13. Nxd6 Qxd6 14. b4 a5 15.
Bd2 a4 16. h3 Bh5 17. g4 Nxg4 18. hxg4 Bxg4 19. Qc2 Rac8 20. Nh2 Qg6 21. Nxg4
Qxg4 22. Qd1 Qg6 23. Kh2 f5 24. Bh3 fxe4 25. Rg1 Rxf2+ 26. Kh1 Qf6 27. Be1 Qh4
28. Qg4 Qxg4 29. Bxg4 Rcf8 30. Bxf2 Rxf2 31. dxe4 d3 32. Rgd1 Rf4 33. Be6+ Kf8
34. Bd5 Nd4 35. Rxd3 Rh4+ 36. Kg2 Rg4+ 37. Rg3 Rf4 38. Rf1 g5 39. Rxf4+ exf4
40. Rd3 f3+ 41. Kf2 Ne2 42. Rxf3+ Nf4 43. Bc6 Ke7 44. Bxb5 Ne6 45. Rh3 Nd4 46.
Bxa4 1-0

[Event "XXIX Torneo San Viator - Memorial Pepe "]
[Site "Colegio San Viator. Plaza Fer"]
[Date "2017.11.01"]
[Round "7.25"]
[White "Garcia Martin, Javier"]
[Black "Caparros Armand, M Isabel"]
[Result "1/2-1/2"]
[WhiteElo "1532"]
[BlackElo "1293"]
[PlyCount "44"]
[EventDate "2017.09.17"]
[EventRounds "9"]
[EventCountry "ESP"]

1. e4 d6 2. d4 Nf6 3. Nc3 g6 4. h3 Bg7 5. Nf3 O-O 6. Be2 Re8 7. O-O Nbd7 8. Be3
e5 9. d5 Nb6 10. Bg5 c6 11. Qd2 cxd5 12. Bxf6 Bxf6 13. Nxd5 Nxd5 14. Qxd5 Qb6
15. b3 Be6 16. Qb5 Qxb5 17. Bxb5 Red8 18. Bd3 d5 19. Rad1 Rac8 20. Rfe1 Re8 21.
Re2 Rc7 22. Red2 d4 1/2-1/2